Name the largest country in Asia A-Z - Statistics

General Stats
  • This quiz has been taken 55 times
  • The average score is 17 of 20
Answer Stats
Hint Answer % Correct
C China
98%
A Afghanistan
92%
I India
92%
Q Qatar
92%
J Japan
90%
K Kazakhstan
90%
O Oman
90%
R Russia
88%
S Saudi Arabia
88%
Y Yemen
88%
B Bangladesh
86%
P Pakistan
86%
T Turkey
86%
G Georgia
84%
L Laos
84%
V Vietnam
84%
M Mongolia
82%
U Uzbekistan
80%
N Nepal
74%
E Egypt
32%
No matching quizzes found
Score Distribution
Percent of People with Each Score
Percentile by Number Answered
Your Score History
You have not taken this quiz